| 000 | 00364nam a22001457a 4500 | ||
|---|---|---|---|
| 020 | _a9789812548948 | ||
| 040 | _cNUST | ||
| 082 | _a620.112 PYT | ||
| 100 |
_aPytel, Andrew _920970 |
||
| 110 |
_aKiusalaas, Jaan _9113955 |
||
| 245 | _aMechanics of Materials | ||
| 260 |
_aChennai: _bThomson, _c2003. |
||
| 650 |
_aMechanics of Materials _961267 |
||
| 942 |
_2ddc _cBK |
||
| 999 |
_c595373 _d595373 |
||